000 00569nam a2200193 a 4500
001 13733
003 CO-ViMGA
008 141112s2004 ck r 000 u spa d
020 _a9589374069
040 _aCO-ViMGA
_bspa
_cCO-ViMGA
082 0 4 _a927 S157p
100 1 _aSantamaria, German
245 1 0 _aPintores del Tolima siglo XX :
_bartistas plasticos y escultores
260 _aSantafé de Bogotá :
_bPijao,
_c1997
300 _a269
590 _aForma de adquisición : Donacion : Corpes
650 1 4 _aPINTORES COLOMBIANOS - BIOGRAFIAS
_920034
942 _2ddc
_cBK
999 _c24453
_d24453